Szövegfeldolgozás grafikus szervezők segítségével

Reading comprehension is one of the key competences. Without suitable reading and text comprehension ability the students are unable to perform in the school and later in their life. In order to help students to acquire adequate reading comprehension skills, it is necessary to use effective text pro...

Teljes leírás

Elmentve itt :
Bibliográfiai részletek
Szerzők: Magyar Andrea
Habók Anita
Dokumentumtípus: Cikk
Megjelent: 2018
Sorozat:Módszertani közlemények 58 No. 4
Kulcsszavak:Szövegfeldolgozás, Szövegértés
Tárgyszavak:
Online Access:http://acta.bibl.u-szeged.hu/69064
LEADER 01633nab a2200229 i 4500
001 acta69064
005 20260224081030.0
008 200610s2018 hu o 000 hun d
022 |a 2063-3734 
040 |a SZTE Egyetemi Kiadványok Repozitórium  |b hun 
041 |a hun 
100 1 |a Magyar Andrea 
245 1 0 |a Szövegfeldolgozás grafikus szervezők segítségével  |h [elektronikus dokumentum] /  |c  Magyar Andrea 
260 |c 2018 
300 |a 9-18 
490 0 |a Módszertani közlemények  |v 58 No. 4 
520 3 |a Reading comprehension is one of the key competences. Without suitable reading and text comprehension ability the students are unable to perform in the school and later in their life. In order to help students to acquire adequate reading comprehension skills, it is necessary to use effective text processing techniques, methods, and strategies. As all learners are, to some extent, visual learners, visual tools, such as graphicorganisers are extremely helpful techniques to illustrate concepts and relationships between concepts in a text. The aim of this paper is to present some practical examples for the use of graphic organizers for text comprehension and text processing, such as ‘five elements of plot’ diagrams, graphic charts, story maps, concept maps and shape poems. The paper also includes digital resources and softwares for creating graphic organizers. 
650 4 |a Társadalomtudományok 
650 4 |a Oktatástudomány 
695 |a Szövegfeldolgozás, Szövegértés 
700 0 1 |a Habók Anita  |e aut 
856 4 0 |u http://acta.bibl.u-szeged.hu/69064/1/modszertani_058_004_009-018.pdf  |z Dokumentum-elérés